000 00381nam a2200169Ia 4500
100 _aCollings/Terry/ Wall/Kurt
650 _aLinux networking
250 _a3
942 _cBK
366 _f25
654 _aredhat
245 _aRedHat Linux Networking and sytems administration
260 _bWiley India
_c2005
082 _a5.133
_bCOL
300 _a992
546 _aENGLISH
999 _c28671
_d28671